| 000 | 00798nam a2200229 i 4500 | ||
|---|---|---|---|
| 001 | 186541 | ||
| 003 | SpMaBN | ||
| 005 | 20260525062938.0 | ||
| 008 | 161123s1948 ag |||| |aspa d | ||
| 080 | _a929 Vico, Giambattista | ||
| 100 | 1 |
_aVico, Giambattista. _9141132 |
|
| 245 | 1 | 0 |
_aAutobiografia / _cGiambattista Vico ; [versión del italiano por Felipe González Vicen]. |
| 250 | _a1ª ed. popular para la Colección austral. | ||
| 260 |
_aBuenos Aires : _bEspasa-Calpe Argentina, _c1948. |
||
| 300 |
_a145 p. ; _c18 cm. |
||
| 490 | 1 |
_aColección austral ; _v836 |
|
| 600 | 1 | 7 |
_aVico, Giambattista. _9141132 |
| 700 | 1 |
_aGonzález Vicen, Felipe. _959017 |
|
| 830 | 0 |
_aColección austral _v836 _9177655 |
|
| 852 |
_aES-MaACL _jL-30886 _z. - Donat. Miguel A. Velasco |
||
| 999 |
_c186541 _d186541 |
||